Central Library OPAC University of Rajshahi

Deviant logic : (Record no. 1688)

MARC details
000 -LEADER
fixed length control field 00803nam a2200253I 4500
001 - CONTROL NUMBER
control field 1688
003 - CONTROL NUMBER IDENTIFIER
rucl marc code BD-RjUL
005 - DATE AND TIME OF LATEST TRANSACTION
control field 20211208233405.0
008 - FIXED-LENGTH DATA ELEMENTS--GENERAL INFORMATION
fixed length control field 1312 s1974enk 1 eng c
020 ## - INTERNATIONAL STANDARD BOOK NUMBER
International Standard Book Number 052120500x
035 ## - SYSTEM CONTROL NUMBER
System control number (BD-RjUL)1715
040 ## - CATALOGING SOURCE
Original cataloging agency Miami Univ Lib
Language of cataloging eng
Transcribing agency BD-RjUL
041 ## - LANGUAGE CODE
Language code of text/sound track or separate title eng
082 ## - DEWEY DECIMAL CLASSIFICATION NUMBER
Edition number 19
Classification number 160
Author mark and year HAD 1974
100 1# - MAIN ENTRY--PERSONAL NAME
Personal name Haack, Susan.
9 (RLIN) 5597
245 10 - TITLE STATEMENT
Title Deviant logic :
Remainder of title some philosophical issues /
Statement of responsibility, etc. Susan Haack.
260 ## - PUBLICATION, DISTRIBUTION, ETC. (IMPRINT)
Place of publication, distribution, etc. London :
Name of publisher, distributor, etc. Cambridge University Press ,
Date of publication, distribution, etc. c1974.
300 ## - PHYSICAL DESCRIPTION
Pagination xii, 191 p. ;
Size 21 cm.
504 ## - BIBLIOGRAPHY, ETC. NOTE
Bibliography, etc Includes bibliographical references and index.
650 #0 - SUBJECT ADDED ENTRY--TOPICAL TERM
Topical term or geographic name as entry element Logic.
9 (RLIN) 5598
856 ## - ELECTRONIC LOCATION AND ACCESS
Uniform Resource Identifier <a href="http://www.worldcat.org/title/deviant-logic-some-philosophical-issues/oclc/1200917&referer=brief_results">http://www.worldcat.org/title/deviant-logic-some-philosophical-issues/oclc/1200917&referer=brief_results</a>
942 ## - ADDED ENTRY ELEMENTS (KOHA)
Source of classification or shelving scheme Dewey Decimal Classification
Koha item type Books
Holdings
Lost status Source of classification or shelving scheme Damaged status Not for loan Collection code Permanent Location Current Location Shelving location Date acquired Source of acquisition Cost, normal purchase price Total Checkouts Full call number Date last seen Copy number Koha item type
  Dewey Decimal Classification     Non-fiction Central Library, University of Rajshahi Central Library, University of Rajshahi   09/05/1977 W. Heffer and sons 3.80   160 HAD 1974 08/12/2013 C-2 Books
  Dewey Decimal Classification   Not For Loan Non-fiction Central Library, University of Rajshahi Central Library, University of Rajshahi Reading Room 09/05/1977 W. Heffer and Sons 3.80   160 HAD 1974 10/04/2014 C-1 Books
  Dewey Decimal Classification     Non-fiction Central Library, University of Rajshahi Central Library, University of Rajshahi   09/05/1977 W. Heffer and Sons 3.80   160 HAD 1974 10/04/2014 C-3 Books